| 000 | 00797nam a2200205Ii 4500 | ||
|---|---|---|---|
| 003 | JO-AjNU | ||
| 008 | 230605s9999||||xx |||||||||||||| ||und|| | ||
| 017 | _a2001/4/842 | ||
| 040 |
_aJO-AjNU _bara _erda _cJO-AjNU |
||
| 041 | _aara | ||
| 050 | 1 | 4 | _aPJ7755.I22.Z72 1996 |
| 100 | 3 |
_aتأليف غربي،فاطمة الزهراء, _eauthor _923690 |
|
| 245 | 0 | 0 | _aالإنسان والطبيعة في شعرية إبن خفاجة والرومانسيين الفرنسيين - دراسة مقارنه - |
| 264 | 3 | 1 | _aإربد:دار المتنبي،2002 |
| 300 | _a196ص | ||
| 336 |
_atext _btxt _2rdacontent |
||
| 337 |
_aunmediated _bn _2rdamedia |
||
| 338 |
_avolume _bnc _2rdacarrier |
||
| 650 | 4 |
_a الشعر - تاريخ ونقد - الشعر الفرنسي - الشعر العربي _923691 |
|
| 999 |
_aA8610 _c12178 _d12178 |
||